000 00432nam a22001817a 4500
999 _c11800
_d11800
003 OSt
008 230130b ||||| |||| 00| 0 eng d
020 _a978938994995
082 _a338.502 THM
100 _aTHOMAS,Christopher R
245 _aManagerial Economics
250 _a12th Ed
260 _aNew Delhi
_bTMH
_c2020
300 _a704
650 _aManagerial Economics
700 _aMAURICE,S Charles
942 _2ddc
_cREF